Statistiken für Filme erraten mit Bildern - Buchstabe D

Klicken Sie hier um das Quiz zu spielen!

Allgemein

  • Dieses Quiz wurde 301 mal gespielt
  • Das Durchschnittsergebnis liegt bei 7 aus 16

Antwortstatistiken

Antwort% Korrekt
Deadpool
94%
Drachenzähmen leicht gemacht
91%
Doctor Strange
82%
The Dark Knight
81%
Dirty Dancing
79%
Dune
76%
Django Unchained
65%
Donnie Darko
27%
Dallas Buyers Club
26%
Der Diamantencop
16%
Das Ding aus einer anderen Welt
14%
Don't worry Darling
10%
Date Movie
9%
Dolores
5%
Dr. Seltsam Oder wie ich lernte die Bombe zu lieben
5%
Dämonisch
4%

Verteilung der Resultate

Perzentil nach korrekt beantworteten Fragen

Anzahl Personen mit jedem Resultat

Ihre Resultats-Entwicklung

Sie haben dieses Quiz noch nicht gespielt